000 00683nam a2200253Ia 4500
003 OSt
005 20220918173154.0
006 a|||||r|||| 00| 0
007 ta
008 220917b |||||||| |||| 00| 0 eng d
024 _a5,476
037 _cTextual
040 _aARTS
_cARTS
_beng
041 _2eng
_aeng
082 _a2:8, M8 (2D)
100 _aJones Norageh
_945189
245 0 _aCase studies in library management
260 _aLondon
_bClive Bingley
_c1988
300 _aviii,184p
_ccm.
650 _aLIBRARY SCIENCE
700 _a Jordan Peter
_918742
942 _h2:8, M8 (2D)
_cTEXL
_2CC
999 _c147505
_d147505